000 004480000a22001810004500
999 _c48409
_d48409
001 1238
003 CO-MdFUSB
005 20180307182759.0
008 170810b xxu||||| |||| 00| 0 eng d
020 _a85-76524-079-3
040 _cCO-MdBIC
082 0 4 _a863C Q36ra
100 1 _aCoelho, Renata Balarini
245 1 0 _aUn amigo especial / Renata Balarini Coelho
260 _aBrasil : Luz e Vida
300 _a18 Pag. / 15 cm.
942 _cLGB